Outsmart waste: (Record no. 358787)
[ view plain ]
| 000 -LEADER | |
|---|---|
| fixed length control field | 00620nam a2200205Ia 4500 |
| 003 - CONTROL NUMBER IDENTIFIER | |
| control field | SISC |
| 005 - DATE AND TIME OF LATEST TRANSACTION | |
| control field | 20180927122313.0 |
| 008 - FIXED-LENGTH DATA ELEMENTS--GENERAL INFORMATION | |
| fixed length control field | 180918s9999 xx 000 0 und d |
| 020 ## - INTERNATIONAL STANDARD BOOK NUMBER | |
| International Standard Book Number | 9781626560246 |
| 050 ## - LIBRARY OF CONGRESS CALL NUMBER | |
| Classification number | TD 791 |
| Item number | .Sk626 2014 |
| 100 ## - MAIN ENTRY--PERSONAL NAME | |
| Personal name | Skazy, Tom |
| 245 ## - TITLE STATEMENT | |
| Statement of responsibility, etc | Tom Skazy |
| Title | Outsmart waste: |
| Remainder of title | the modern idea of garbage and how to think our way out of it/ |
| 260 ## - PUBLICATION, DISTRIBUTION, ETC. (IMPRINT) | |
| Place of publication, distribution, etc | CA: |
| Name of publisher, distributor, etc | Berret-Koehler Publishers, Inc. |
| Date of publication, distribution, etc | 2014 |
| 300 ## - PHYSICAL DESCRIPTION | |
| Extent | 156 pages : |
| Other physical details | illustrated ; |
| Dimensions | 22 cm. |
| 500 ## - GENERAL NOTE | |
| General note | Includes index. |
| 650 ## - SUBJECT ADDED ENTRY--TOPICAL TERM | |
| Topical term or geographic name as entry element | Recycling (waste, etc.) |
| 650 ## - SUBJECT ADDED ENTRY--TOPICAL TERM | |
| Topical term or geographic name as entry element | Waste minimization |
| 942 ## - ADDED ENTRY ELEMENTS (KOHA) | |
| Source of classification or shelving scheme | Library of Congress Classification |
| Koha item type | Books |
| Withdrawn status | Lost status | Source of classification or shelving scheme | Damaged status | Home library | Current library | Shelving location | Date acquired | Source of acquisition | Total Checkouts | Full call number | Barcode | Date last seen | Date checked out | Price effective from | Koha item type |
|---|---|---|---|---|---|---|---|---|---|---|---|---|---|---|---|
| Library of Congress Classification | Luxembourg Library | Luxembourg Library | High School Section | 09/18/2018 | Donation | 1 | TD 791 .Sk626 2014 | 20572 | 10/16/2018 | 10/12/2018 | 09/18/2018 | Books |